Statistics for Presidents of Venezuela by Picture

Click here to take the quiz!

General Stats

  • This quiz has been taken 16 times
  • The average score is 28 of 45

Answer Stats

Answer% Correct
Juan Vicente Gómez
100%
Carlos Andrés Pérez
92%
Cipriano Castro
92%
Hugo Chávez
92%
Isaías Medina Angarita
92%
José Antonio Páez
92%
Juan Bautista Pérez
92%
Marcos Pérez Jiménez
92%
Nicolás Maduro
92%
Rómulo Betancourt
92%
Rómulo Gallegos
92%
Antonio Guzmán Blanco
83%
Julián Castro
83%
Carlos Delgado Chalbaud
75%
Eleazar López Contreras
75%
Ignacio Andrade
75%
Jaime Lusinchi
75%
José Gregorio Monagas
75%
José Ruperto Monagas
75%
José Tadeo Monagas
75%
Carlos Soublette
67%
Hermógenes López
67%
Joaquín Crespo
67%
Guillermo Tell Villegas
58%
Juan Crisóstomo Falcón
58%
Luis Herrera Campins
58%
Rafael Caldera
58%
José María Vargas
50%
Ramón José Velásquez
50%
Raúl Leoni
50%
Wolfgang Larrazábal
50%
Edgar Sanabria
42%
Juan Pablo Rojas Paúl
42%
Octavio Lepage
42%
Raimundo Andueza Palacio
42%
Andrés Narvarte
33%
Francisco Linares Alcántara
33%
Germán Suárez Flamerich
33%
José Gil Fortoul
33%
José Gregorio Valera
25%
José María Carreño
25%
Manuel Ezequiel Bruzual
25%
Manuel Felipe de Tovar
25%
Pedro Gual Escandón
25%
Victorino Márquez Bustillos
17%

Score Distribution

Percentile by Number Answered

Percent of People with Each Score

Your Score History

You have not taken this quiz